| 000 | 00688cam a22002413a 4500 | ||
|---|---|---|---|
| 001 | 1229 | ||
| 003 | PGUSA | ||
| 005 | 20140828082958.0 | ||
| 008 | 980301s1998||||xxu|||||s|||||000 p eng d | ||
| 040 |
_aPGUSA _beng |
||
| 042 | _adc | ||
| 050 | 4 | _aPS | |
| 100 | 1 |
_aLanier, Sidney, _d1842-1881 |
|
| 245 | 1 | 0 |
_aSelect Poems of Sidney Lanier _h[electronic resource] / _cSidney Lanier |
| 260 |
_bProject Gutenberg, _c1998 |
||
| 506 | _aPublic domain in the USA. | ||
| 516 | _aElectronic text | ||
| 653 | _aAmerican poetry -- 19th century | ||
| 700 | 1 |
_aCallaway, Morgan, _d1862-1936 |
|
| 830 | 0 |
_aProject Gutenberg _v1229 |
|
| 856 | 4 | 0 | _uhttp://www.gutenberg.org/ebooks/1229 |
| 942 | _cEB | ||
| 999 |
_c230577 _d230577 |
||